Institutio graecae grammatices compendiaria : in usum Regiae Scholae Westmonasteriensis.

Bibliographic Details
Main Author: Camden, William, 1551-1623
Format: eBook
Language:Latin
Published: Londini : Excuderunt S. Buckley, et T. Longman, 1763.
Series:Eighteenth century collections online.
Online Access:Full text online

MARC

Tag First Indicator Second Indicator Subfields
LEADER 00000cam a2200000 4500
001 in00001908385
006 m | d |
007 cr |n||||||||n
008 831012s1763 enk|||| s 00||||lat d
005 20260413205647.1
035 |a (CStRLIN)ESTCT145537 
040 |a Uk-ES  |c Uk-ES  |d CStRLIN  |d Thomson Gale  |d UtOrBLW 
100 1 |a Camden, William,  |d 1551-1623. 
245 1 0 |a Institutio graecae grammatices compendiaria :  |b in usum Regiae Scholae Westmonasteriensis. 
264 1 |a Londini :  |b Excuderunt S. Buckley, et T. Longman,  |c 1763. 
300 |a viii,196p. ;  |c 12⁰. 
336 |a text  |b txt  |2 rdacontent 
337 |a computer  |b c  |2 rdamedia 
338 |a online resource  |b cr  |2 rdacarrier 
500 |a Anonymous. By William Camden. 
500 |a The preface signed: I. W., i.e. John Ward. 
500 |a Vertical chain lines. 
500 |a The final leaf is engraved. 
500 |a Reproduction of original from the British Library. 
510 4 |a English Short Title Catalog,  |c ESTCT145537. 
533 |a Electronic reproduction.  |b Farmington Hills, Mich. :  |c Thomson Gale,  |d 2003.  |n Available via the World Wide Web.  |n Access limited by licensing agreements  |7 s2003 miunns 
500 |a Electronic resource. 
830 0 |a Eighteenth century collections online. 
856 4 0 |u http://proxy.library.tamu.edu/login?url=https://galenet.galegroup.com/servlet/ECCO?c=1&stp=Author&ste=11&af=BN&ae=T145537&tiPG=1&dd=0&dc=flc&docNum=CW112093599&vrsn=1.0&srchtp=a&d4=0.33&n=10&SU=0LRK&locID=txshracd2898  |z Full text online  |t 0 
999 |a MARS 
999 f f |s 5efefe7e-d938-3c42-ada8-8d472c8c33f3  |i 792662d3-e505-373d-8825-7d6da5722f97  |t 0 
952 f f |a Texas A&M University  |b College Station  |c Electronic Resources  |s www_evans  |d Available Online  |t 0  |h No information provided 
998 f f |t 0  |l Available Online